Fyzikálno-chemické spôsoby odstraňovania aflatoxínu M1 z mlieka

Saved in:
Bibliographic Details
Main Author: Rusinková, Katarína (Author)
Other Authors: Kolarič, Lukáš (Thesis advisor)
Format: Manuscript Book
Language:Slovak
Published: 2025
Subjects:
Online Access:http://is.stuba.sk/zp/portal_zp.pl?podrobnosti=183284
Tags: Add Tag
No Tags, Be the first to tag this record!

MARC

LEADER 00000ntm a22000003a 4500
001 stuzp105195
003 SK-STU
005 20250607211248.9
007 ta
008 150427s2015----xo-----f-mn---000-0-slo-d
040 |a STU  |b slo 
041 0 |a slo 
100 1 |a Rusinková, Katarína  |u 040250  |4 aut  |U FCHPT Ústav potravinárstva a výživy  |T FCHPT Oddelenie potravinárskej technológie  |X 110566  |U C0250  |Y 685  |7 110566 
242 0 1 |a Physicochemical Methods for Aflatoxin M1 Removal from Milk  |y eng 
245 1 0 |a Fyzikálno-chemické spôsoby odstraňovania aflatoxínu M1 z mlieka 
260 |c 2025 
650 4 |a contaminants  |2 eng 
650 4 |a food safety  |2 eng 
650 4 |a adsorption  |2 eng 
650 4 |a β-cyclodextrins  |2 eng 
650 4 |a aflatoxin M1  |2 eng 
650 4 |a polyethylene terephthalate  |2 eng 
650 4 |a milk  |2 eng 
650 4 |a bezpečnosť potravín  |2 slo 
650 4 |a adsorpcia  |2 slo 
650 4 |a kontaminanty  |2 slo 
650 4 |a polyetyléntereftalát  |2 slo 
650 4 |a β-cyklodextríny  |2 slo 
650 4 |a mlieko  |2 slo 
650 4 |a aflatoxín M1  |2 slo 
700 1 |a Kolarič, Lukáš  |u 040250  |k Z1  |4 ths  |U FCHPT Ústav potravinárstva a výživy  |T FCHPT Oddelenie potravinárskej technológie  |X 63720  |U C0250  |Y 685  |7 63720 
856 4 |u http://is.stuba.sk/zp/portal_zp.pl?podrobnosti=183284